000 00540nam a2200193 a 4500
001 19592
003 CO-ViMGA
008 141112s2004 ck r 000 u spa d
020 _a9681854896
040 _aCO-ViMGA
_bspa
_cCO-ViMGA
082 0 4 _aI 220.95 B425
100 1 _aDelclaux, Federico; Cano, Luis
_928318
245 1 0 _aLa biblia para niños
260 _aMadrid :
_bAgualarga Editores; 2000
300 _a207 p. il.
590 _aForma de adquisición : Premio Mincultura
650 1 4 _aBIBLIA - ENSEÑANZA
_928319
942 _2ddc
_cBK
999 _c28731
_d28731